Struktura výzkumu a vývoje podle druhu činnosti ve vybraných kapitalistických zemích

Gespeichert in:
Bibliographische Detailangaben
1. Verfasser: Kunc, A.
Format: Buch
Sprache:Tschechisch
Veröffentlicht: Praha Ústředí vědeckých, technických a ekonomických informací 1969
Tags: Tag hinzufügen
Keine Tags, Fügen Sie das erste Tag hinzu!

MARC

LEADER 00000nam a2200000 4500
001 c122133
005 20190620104152.0
041 0 |a cze 
044 |a CZ 
245 1 0 |a Struktura výzkumu a vývoje podle druhu činnosti ve vybraných kapitalistických zemích  |c A. Kunc 
264 1 |a Praha  |b Ústředí vědeckých, technických a ekonomických informací  |c 1969 
300 |a 73 s. 
100 1 |a Kunc, A.